| 000 | 01008cam a22002655i 4500 | ||
|---|---|---|---|
| 999 |
_c3680 _d3680 |
||
| 003 | EG-ScBUE | ||
| 005 | 20210121133208.0 | ||
| 008 | 081012q1996 ua g 000 j1aara d | ||
| 017 | _a96 / 3487 | ||
| 020 | _a977110991X | ||
| 040 |
_aEG-ScBUE _bara _erda _cEG-ScBUE _dEG-ScBUE |
||
| 082 | 0 | 4 |
_a892.736 _bم ح ف _222 |
| 100 | 1 |
_aمحفوظ، نجيب، _d1911-2006، _eمؤلف. |
|
| 245 | 1 | 2 |
_aالقرار الأخير / _cنجيب محفوظ، الحائز على جائزة الدولة التقديرية، وجائزة نوبل العالمية للآداب لعام 1988. |
| 264 | 1 |
_aالقاهرة : _bمكتبة مصر، _c[1996] |
|
| 300 |
_a165 صفحة ؛ _c20 سم. |
||
| 336 |
_aنص _btxt _2rdacontent |
||
| 337 |
_aبدون وسيط _bn _2rdamedia |
||
| 338 |
_aمجلد _bnc _2rdacarrier |
||
| 490 | 0 | _aمطبوعات مكتبة مصر | |
| 650 | 7 |
_aالقصص العربية القصيرة _yقرن 20. _2BUEsh |
|
| 651 | _2BUEsh | ||
| 653 |
_bARALIT _bGGEN _cJanuary2021 |
||
| 942 |
_cBB _2ddc |
||